000 00460nam a2200181Ia 4500
003 GCL
008 140319s9999 xx 000 0 eng d
040 _aGCL /
_cGCL
082 0 4 _aCH
_b823
_bN L
100 1 _aNELSON, ANITA
245 1 0 _aTHE LEGEND OF ROBIN HOOD /
_cNELSON, ANITA
260 _a[S.N] :
_bJ.G FERGUSON PUBLISHING COMPANY ،
_c1992
300 _a278 P
650 0 4 _aLITERATURE
650 0 4 _aCHILDREN
650 0 4 _aFICTION
942 _2ddc
_cBK
999 _c14269
_d14269